[Event "Bremen-ch op"]
[Site "Bremen"]
[Date "2018.03.27"]
[Round "5"]
[White "Bergmann, Reinhold"]
[Black "Peine, Olaf"]
[Result "1-0"]
[WhiteElo "1786"]
[BlackElo "1674"]
[PlyCount "51"]
[EventDate "2018.03.24"]
[EventType "swiss"]
[EventRounds "9"]
[EventCountry "GER"]
[SourceTitle "EXT 2019"]
[Source "ChessBase"]
[SourceDate "2018.10.10"]
[SourceVersion "1"]
[SourceVersionDate "2018.10.10"]
[SourceQuality "1"]

1. e4 e5 2. Nf3 Nc6 3. Bb5 Nf6 4. 0-0 Be7 5. Re1 d6 6. c3 0-0 7. h3 Bd7 8. d4 exd4 9. cxd4 a6 10. Ba4 b5 11. Bc2 Qc8 12. Nc3 b4 13. Nd5 Re8 14. Nxe7+ Nxe7 15. Bg5 Nh5 16. Nh4 g6 17. Bb3 Be6 18. d5 Bd7 19. Qf3 f5 20. e5 c5 21. dxc6+ Be6 22. exd6 Nxc6 23. Bxe6+ Rxe6 24. Qd5 Ng7 25. Rac1 Kh8 26. Rxe6 1-0

[Event "Bremen-ch op"]
[Site "Bremen"]
[Date "2016.03.23"]
[Round "6"]
[White "Boehm, Karl1111"]
[Black "Peine, Olaf"]
[Result "1/2-1/2"]
[WhiteElo "1852"]
[BlackElo "1504"]
[PlyCount "104"]
[EventDate "2016.03.19"]
[EventType "swiss"]
[EventRounds "9"]
[EventCountry "GER"]
[SourceTitle "EXT 2018"]
[Source "ChessBase"]
[SourceDate "2017.10.13"]
[SourceVersion "1"]
[SourceVersionDate "2017.10.13"]
[SourceQuality "1"]

1. d4 d5 2. c4 e6 3. Nc3 Nf6 4. Nf3 Nc6 5. e3 Bb4 6. Bd2 0-0 7. Bd3 Bd7 8. 0-0 a6 9. Qc2 dxc4 10. Bxc4 Ne7 11. Ne5 Bxc3 12. Bxc3 Ned5 13. Bd3 Nxc3 14. bxc3 g6 15. c4 Rb8 16. Rab1 Be8 17. Rb2 Nd7 18. f4 Nxe5 19. fxe5 Qg5 20. Rf3 Bc6 21. Rg3 Qe7 22. c5 f5 23. exf6 Qxf6 24. Qe2 Kg7 25. Rb1 Rf7 26. Bxa6 Rbf8 27. Bc4 Qf2+ 28. Qxf2 Rxf2 29. Rf1 Rxf1+ 30. Bxf1 Bd5 31. a3 Ra8 32. e4 Bxe4 33. Bc4 Bd5 34. Bxd5 exd5 35. Rd3 Kf6 36. g4 Kg5 37. h3 Kf4 38. Kf2 Ra4 39. Rb3 Ke4 40. Rxb7 Kxd4 41. Rxc7 Rxa3 42. Rxh7 Kxc5 43. h4 Ra6 44. Rh6 d4 45. h5 Ra2+ 46. Ke1 gxh5 47. gxh5 Rh2 48. Rh8 Kd6 49. h6 Ke7 50. h7 Kf7 51. Rd8 Rxh7 52. Rd7+ Kg6 1/2-1/2